Мълчаливи герои (Запис номер 133665)
[ съкратено ]
| 000 -Лидер | |
|---|---|
| Контролно поле с фиксирана дължина | 02146nam a2200397 c 4500 |
| 003 - Код на организацията, давaща контролен номер | |
| Контролно поле | BLK |
| 005 - Дата и час на последна редакция | |
| Контролно поле | 20241114005503.0 |
| 008 - Елементи от данни с фиксирана дължина | |
| fixed length control field | 180409b bul|||||r ||||||| ||bul|| |
| 010 ## - Наследен системен номер | |
| LC control number | KNG00139565000 |
| 040 ## - Източник на каталожния запис | |
| Идентификатор на билиотеката - собственик на записа | BLK |
| 041 ## - Код за език | |
| Код за езика на текст/звукозапис или на отделно заглавие | Български |
| Код за езика КДБФ | Български |
| 080 ## - УДК | |
| Текстов определител УДК | Българска литература |
| УДК код - определител по УДК | 821.163.2 |
| УДК определител | -93-312.6 |
| УДК - код + определител | 821.163.2-93-312.6 |
| 080 ## - УДК | |
| Текстов определител УДК | Освобождение на България. Руско-турска война (1877-1878) |
| УДК код - определител по УДК | 94(497.2)"1877/1878" |
| УДК определител | (092)(0:82-31) |
| УДК - код + определител | 94(497.2)"1877/1878"(092)(0:82-31) |
| 080 ## - УДК | |
| Текстов определител УДК | Капитан Райчо, дядо Райчо, Райчо Николаев. Опълченец-поборник, български военен деец и офицер, майор |
| УДК код - определител по УДК | 929 Николов, Райчо |
| УДК - код + определител | 929 Николов, Райчо |
| 100 ## - Редна дума - Автор | |
| Автор | Габе, Дора Петрова |
| Автор - информация (биография) | Поетеса и писателка. Преводачка от полски език. |
| Дати, свързани с автора | 1886-1983 |
| Пълна форма на името | Габе, Изидора Петрова |
| R(LIN) | 369524 |
| 139 ## - Редно поле | |
| Редна дума | Габе, Дора Петрова |
| Авторски знак | Габ - Г 13 |
| 245 10 - Сведения за заглавието | |
| Заглавие | Мълчаливи герои |
| Подзаглавни данни | Роман за юноши |
| Редно поле (дума) | Дора Габе; худож. Людмил Асенов; * Любен Асенов. |
| 250 ## - Област на изданието | |
| Сведения за изданието | 5. изд. |
| 257 ## - Страна на издаване | |
| Страна на създаване/издаване | България |
| 260 ## - Област на издателските данни | |
| Място на издаване, разпространение и проч. | София |
| Име на издателя, разпространителя и проч. | Отечество |
| Година на издаване | 1977 |
| 300 ## - Физическа характеристика | |
| Страници | 192 с. |
| Илюстрации и др. | с ил. |
| Размери/Мащаб | 20 см |
| 380 ## - Жанр | |
| Жанр | Детска худож. лит. |
| 490 ## - СЕРИИ (Колекции) | |
| Име на серия | Библиотека Златно сърце |
| №: серия | 5 |
| 9 (RLIN) | 205561 |
| 500 ## - Общи забележки | |
| Забележка | Предходните изд. с ил. Тодор Панайотов. - Съдържа и Как написах този роман. - Библиогр. с. 191. - 60 100 тир. |
| 600 #0 - Име на лице, използвано като предмет | |
| За него / За нея | Николов, Райчо Николов |
| Свързани дати | 1840 - 1885 |
| 9 (RLIN) | 324006 |
| 700 1# - Други автори (авторска отговорност) | |
| Лично име | Асенов, Людмил |
| Автороска отговорност (Описва отношението между автора и произведението) | худож. |
| 9 (RLIN) | 298663 |
| 700 1# - Други автори (авторска отговорност) | |
| Лично име | Асенов, Любен |
| Автороска отговорност (Описва отношението между автора и произведението) | * |
| 9 (RLIN) | 324005 |
| 852 ## - Местоположение | |
| Форматна сигнатура | Цб 85110 |
| 856 4# - Електронен адрес и достъп | |
| Електронен формат | pdf - файл |
| Инструкция (цена за достъп) | 0.00 |
| Права за достъп | disable |
| 856 4# - Електронен адрес и достъп | |
| Електронен формат | pdf - файл |
| Инструкция (цена за достъп) | 0.00 |
| Права за достъп | disable |
| 999 ## - СИСТЕМНИ КОНТРОЛНИ НОМЕРА | |
| Koha biblionumber | 133665 |
| Koha biblioitemnumber | 133665 |
| 942 ## - АРТИКУЛИ | |
| Вид на библиотечния материал | Книги |
| Скрит в OPAC | Не |
| Периодичен библиозапис | Да |
| 944 ## - СЪЗДАВАНЕ И РЕДАКЦИЯ на ЗАПИСА | |
| Създаване/Редакция | Създаване |
| Дата на регистрацията/редакция | 14.02.2013 |
| Статус, дата на статуса | CRON CRON |
| Служител, извършил регистрацията/редакцията | |
| 944 ## - СЪЗДАВАНЕ И РЕДАКЦИЯ на ЗАПИСА | |
| Създаване/Редакция | Редакция |
| Дата на регистрацията/редакция | 14.02.2013 |
| Статус, дата на статуса | 14.02.2013 - от С1,Р / 14.02.2013 |
| 944 ## - СЪЗДАВАНЕ И РЕДАКЦИЯ на ЗАПИСА | |
| Създаване/Редакция | Редакция |
| Дата на регистрацията/редакция | 2022-10-27 |
| Служител, извършил регистрацията/редакцията | Христина Везирева |
| 999 ## - СИСТЕМНИ КОНТРОЛНИ НОМЕРА | |
| Koha biblioitemnumber | 133665 |
| Код за отписване | Код за изгубен артикул | Източник на класификационната схема | Код за повреда | Коз за рестрикции | Код за отдаване | Артикулен № | Име на библиотеката - собственик | Име на библиотеката, в която се намира в момента | Статус (Текущо местоположение) | Дата на вписване в системата | Местоположение - отдел | Цена в лева | Инвентарен номер | Систематично азбучна сигнатура | Баркод | Номер на екземпляра | Цена в евро | Служебна бележка | Служебен тип на артикула |
|---|---|---|---|---|---|---|---|---|---|---|---|---|---|---|---|---|---|---|---|
| Не е изгубен | Universal Decimal Classification | Не е повреден | без рестрикции | ползва се в читалня | 218107 | Регионална библиотека "Любен Каравелов" Русе | Регионална библиотека "Любен Каравелов" Русе | Хранилище | 1977-01-01 | Хранилище | 0.51 | 223995 | Цб 85110 | 120000223995 | 1 | 0.26 | N: стар фонд Дата: 01.01.1977 | Книги | |
| Изтеглен | Не е изгубен | Universal Decimal Classification | Не е повреден | без рестрикции | заемане за дома | 218108 | Регионална библиотека "Любен Каравелов" Русе | Регионална библиотека "Любен Каравелов" Русе | Заемна - подръчен фонд | 1977-01-01 | Заемна - подръчен фонд | 0.51 | 224549 | П 886.7-31/Г 13 | 224549 | 2 | 0.26 | N: стар фонд Дата: 01.01.1977 | Книги |
| Изтеглен | Не е изгубен | Universal Decimal Classification | Не е повреден | без рестрикции | заемане за дома | 218109 | Регионална библиотека "Любен Каравелов" Русе | Регионална библиотека "Любен Каравелов" Русе | Заемна - подръчен фонд | 1977-01-01 | Заемна - подръчен фонд | 0.51 | 224550 | П 886.7-31/Г 13 | 224550 | 3 | 0.26 | N: стар фонд Дата: 01.01.1977 | Книги |